| 000 | 00933 am a22002174a 4500 | ||
|---|---|---|---|
| 008 | 110328s2010 su g 000 0 ara d | ||
| 082 | 0 | 4 |
_a158.1 _2 21 _bم ا ك |
| 100 | 1 |
_aماكجرو، فيل. _933084 |
|
| 240 | 1 |
_aReal Life : Preparing for the 7 Most Challenging Days of Your Life _l Arabic. |
|
| 245 | 1 | 0 |
_aحياة حقيقية : _b الاستعداد للأيام السبعة الأكثر صعوبة في حياتك / _c فيل ماكجرو ؛ ترجمة مكتبة جرير. |
| 250 | _aط. 1. | ||
| 260 |
_aالرياض : _b مكتبة جرير، _c2010. |
||
| 300 |
_a314 ص. ؛ _c 24 سم. |
||
| 500 | _aيشمتل على ملاحق. | ||
| 504 | _aيشتمل على قوائم ببليوجرافية. | ||
| 650 | 1 | 4 |
_aالنجاح الشخصي. _923916 |
| 650 | 1 | 4 |
_aعلم النفس التطبيقي. _923919 |
| 653 |
_bAra _cApril2013 |
||
| 710 | 2 |
_aمكتبة جرير _e مترجم. _923926 |
|
| 942 |
_2ddc _cBB |
||
| 999 |
_c17434 _d17406 |
||